Top 'F' Girls' Names (US 1916) Quiz Stats

 Plays Quiz not verified by Sporcle

Also try: Born in California
Challenge
Share
Tweet
Embed
Score 0/31 Timer 06:00
0 Plays Today
Rank Name % Correct
9Frances
95.8%
265Francis
95.8%
14Florence
90%
907Flo
88.1%
116Fannie
85.7%
405Fanny
85.7%
141Flora
83.5%
969Francine
66.8%
636Faith
66.7%
188Freda
64.3%
209Frieda
64.3%
502Freida
64.3%
792Freeda
64.3%
204Faye
63.4%
235Fay
63.4%
772Fae
63.4%
Rank Name % Correct
152Fern
62.7%
400Ferne
62.7%
738Frank
62%
648Felicia
60.3%
309Frankie
60.1%
261Flossie
51.9%
600Freddie
44.9%
697Francisca
23.8%
353Florine
22.3%
553Florene
22.3%
869Florida
18.2%
531Filomena
16.4%
898Fairy
12.4%
491Floy
10.9%
968Floretta
7.8%

You're not logged in!

Compare scores with friends on all Sporcle quizzes.
Join for Free
OR
Log In

You Might Also Like...

Show Comments

Extras

Top Quizzes Today


Score Distribution

Your Account Isn't Verified!

In order to create a playlist on Sporcle, you need to verify the email address you used during registration. Go to your Sporcle Settings to finish the process.

Report this User

Report this user for behavior that violates our Community Guidelines.

Details: